• 首页
  • 本馆介绍
  • 公告通知
  • 最新文献
  • 馆藏检索
  • 电子资源
  • 读者导购
  • 参考咨询
  • 我的图书馆
  • 登录
  • 详细信息显示
  • 放入我的书架
  • 预约/预借图书
  • 作者相关作品
  • 分类相关作品
  • 丛书相关作品
  • 出版社相关作品

书目信息

  • 表格格式
  • 工作单格式
  • 卡片格式
题名:
城市气候与区域气候
    
 
作者: 周淑贞 著
分册:  
出版信息: 上海   华东师范大学出版社  1989.8
页数: 418页
开本: 26厘米
丛书名:
单 册:
中图分类: P468.2
科图分类:
主题词: 城市气候--上海--文集 , 气候学
电子资源:
ISBN: 7-5617-0243-4
000 01059nam0 2200277 45
001 0189014409
005 20040521151540.8
010    @a7-5617-0243-4@dCNY8.40
020    @aCN@b89014409
100    @a19910304d1989 z y0chiy0120 ea
101 0  @achi
102    @aCN@b310000
105    @ay m 000yy
106    @ar
200 10 @a城市气候与区域气候@Acheng shi qi hou yu qu yu qi hou@e着重上海城市气候的研究@Ezhuo zhong shang haicheng shi qi hou de yan jiu@dURBAN CLIMATE AND REGIONALCLIMATE:WITH SPECIAL REGARD TO THE URBAN CLIMATE OF SHANGHAI@f周淑贞等著@Fzhou shu zhen dengzhu
210    @a上海@c华东师范大学出版社@d1989.8
215    @a418页@d26厘米
330    @a本论文集共收入论文37篇。
510 1  @aURBAN CLIMATE AND TEGIONALCLI MATE:WITH SPECIAL REGARD TO THE URBAN CLIMATE OF SHANGHAI@zeng
540 1  @a城市气候 区域 气候@Acheng shi qi hou qu yu qi hou
606    @a城市气候@y上海@x文集
606 0  @a气候学
690    @aP468.2
701  0 @a周淑贞@Azhou shu zhen@4著
801  0 @aCN@bNLC@c19910304
905    @f2@b236658-659@dP468.2@e26
    
    城市气候与区域气候:着重上海城市气候的研究=URBAN CLIMATE AND REGIONALCLIMATE:WITH SPECIAL REGARD TO THE URBAN CLIMATE OF SHANGHAI/周淑贞等著.-上海:华东师范大学出版社,1989.8
    418页;26厘米
    
    
    ISBN 7-5617-0243-4:CNY8.40
    本论文集共收入论文37篇。
●
相关链接 在E读中查询图书 在五车中查询图书 在当当中查询图书 在豆瓣中查询图书


正题名:城市气候与区域气候     索取号:P468.2/26         预约/预借

序号 登录号 条形码 馆藏地/架位号 状态 备注
1 0236658   000627058   第三借阅区/ [索取号:P468.2/26] 在馆    
2 0236659   000627049   密集书库/ [索取号:P468.2/26] 在馆    
3 0236660   202108502   第二样本阅览室/ [索取号:P468.2/26] 在馆    
唐山师范学院图书馆 欢迎您!
大连网信软件有限公司© 版权所有